| 000 | 00652nam a2200253 a 4500 | ||
|---|---|---|---|
| 001 | nice12345678 | ||
| 003 | IN_TiNIC | ||
| 005 | 20260116012737.0 | ||
| 008 | 050524s1989 a grp 000 0 urd | ||
| 020 |
_a _c35 |
||
| 082 | 0 | 0 |
_a297.1972 _bOSM |
| 100 | _aOsmani, Shams Naweed | ||
| 245 | _aAgar Ab Bhi Na Jaage to | ||
| 260 |
_a _b _c1989 |
||
| 300 | _a224p | ||
| 500 | _aincludes index and biblioraphy | ||
| 505 | 2 | _asub title;their educational demographic,socio-economic survey | |
| 650 | _aIslam-Other Religions | ||
| 650 | _aReligious Pluralism | ||
| 700 | 1 | _aOsmani, Shams Naweed | |
| 902 | _bSRS | ||
| 942 | _cBK | ||
| 999 |
_c8193 _d8193 |
||